[Event "Hennebont Grand Prix U14"]
[Site "Hennebont"]
[Date "2006.08.06"]
[Round "7"]
[White "Legrand, Guillaume"]
[Black "Conseil, Mael"]
[Result "1-0"]
[WhiteElo "1199"]
[BlackElo "1099"]
[PlyCount "87"]
[EventDate "2006.08.06"]
[EventType "swiss"]
[EventRounds "7"]
[EventCountry "FRA"]
[SourceTitle "EXT 2008"]
[Source "ChessBase"]
[SourceDate "2007.11.25"]
[SourceVersion "1"]
[SourceVersionDate "2007.11.25"]
[SourceQuality "1"]

1. Nf3 d5 2. d4 Nc6 3. Nc3 Nf6 4. e3 Bf5 5. Bb5 e6 6. Bxc6+ bxc6 7. b3 Be4 8. Bb2 Bd6 9. Qe2 0-0 10. 0-0-0 h6 11. Nxe4 dxe4 12. Ne5 Bxe5 13. dxe5 Nd7 14. f3 Qe7 15. fxe4 Nxe5 16. Bxe5 f6 17. Bb2 c5 18. Qd2 Rad8 19. Qa5 Ra8 20. Rhf1 Rfd8 21. Qc3 Rxd1+ 22. Kxd1 Rf8 23. e5 c4 24. exf6 Rxf6 25. Rxf6 gxf6 26. Qxf6 Qxf6 27. Bxf6 cxb3 28. axb3 Kf7 29. Be5 Kg6 30. Bxc7 h5 31. c4 Kg5 32. c5 Kf6 33. c6 Ke7 34. Bb8 a5 35. h3 Kd8 36. c7+ Kc8 37. g4 e5 38. gxh5 Kb7 39. h6 Kb6 40. h7 Kb5 41. h8Q e4 42. c8Q Kb4 43. Bd6+ Kb5 44. Qb7# 1-0

[Event "Hennebont Grand Prix U14"]
[Site "Hennebont"]
[Date "2006.08.05"]
[Round "2"]
[White "Conseil, Mael"]
[Black "Keraudren, Elodie"]
[Result "1-0"]
[WhiteElo "1099"]
[BlackElo "1009"]
[PlyCount "73"]
[EventDate "2006.08.06"]
[EventType "swiss"]
[EventRounds "7"]
[EventCountry "FRA"]
[SourceTitle "EXT 2008"]
[Source "ChessBase"]
[SourceDate "2007.11.25"]
[SourceVersion "1"]
[SourceVersionDate "2007.11.25"]
[SourceQuality "1"]

1. d4 e5 2. Nf3 Bd6 3. e4 Nf6 4. Bd3 Nc6 5. Be3 0-0 6. Nc3 Bb4 7. 0-0 Bxc3 8. bxc3 b6 9. dxe5 Ng4 10. Bg5 Ne7 11. Nh4 Ne3 12. fxe3 Qe8 13. Nf5 Nxf5 14. exf5 Qxe5 15. Qf3 Qxc3 16. Qxa8 f6 17. Bf4 c6 18. Qxa7 d5 19. Bd6 Rd8 20. Qe7 h6 21. Qxd8+ Kh7 22. Qxc8 c5 23. Bc7 h5 24. Bxb6 c4 25. Be2 Qxc2 26. Rfc1 Qxe2 27. Rf1 Qg4 28. Rf4 Qg5 29. g3 g6 30. Qc7+ Kh6 31. fxg6 Qxg6 32. Qc6 Qd3 33. Rxf6+ Kg5 34. h4+ Kg4 35. Rg6+ Kh3 36. Qd7+ Qf5 37. Qxf5# 1-0

[Event "Hennebont Grand Prix U14"]
[Site "Hennebont"]
[Date "2006.08.05"]
[Round "1"]
[White "Lever, Erwan"]
[Black "Conseil, Mael"]
[Result "1-0"]
[WhiteElo "1390"]
[BlackElo "1099"]
[PlyCount "89"]
[EventDate "2006.08.06"]
[EventType "swiss"]
[EventRounds "7"]
[EventCountry "FRA"]
[SourceTitle "EXT 2008"]
[Source "ChessBase"]
[SourceDate "2007.11.25"]
[SourceVersion "1"]
[SourceVersionDate "2007.11.25"]
[SourceQuality "1"]

1. d4 d5 2. c4 Nf6 3. cxd5 Nxd5 4. e4 Nb4 5. Qa4+ c6 6. Qxb4 e6 7. Qd2 f5 8. exf5 exf5 9. Qe3+ Qe7 10. Nf3 Qxe3+ 11. fxe3 Bb4+ 12. Bd2 Bxd2+ 13. Nbxd2 Nd7 14. Bc4 b5 15. Bb3 Nf6 16. 0-0 Ng4 17. Rfe1 h5 18. Rac1 Bb7 19. Be6 Bc8 20. Rxc6 Ke7 21. Bxc8 Raxc8 22. Rxc8 Rxc8 23. h3 Nf6 24. Ne5 Ke8 25. Rf1 Ke7 26. Rxf5 Rc1+ 27. Kh2 Rd1 28. Ndf3 g6 29. Nxg6+ Kf7 30. Nfe5+ Ke6 31. Rg5 Rd2 32. Kg1 Rxb2 33. Nc6 a6 34. Re5+ Kf7 35. Nf4 Rc2 36. Rc5 Rxa2 37. Re5 a5 38. Rxb5 Ra1+ 39. Kh2 a4 40. d5 a3 41. d6 Rd1 42. Ra5 Ra1 43. Ra7+ Ke8 44. Ne6 a2 45. Re7# 1-0